Score 0/16 Timer 01:30
0 Plays Today
Hint 4-Letter Word % Correct
Group of animals that hunts togetherPACK
97%
Walk back and forthPACE
96.5%
Part of a windowPANE
95.9%
Walking stickCANE
95.5%
Scalp parasitesLICE
95.2%
Head supportNECK
94.4%
Star of the 1962 movie: Gregory ____● PECK ●
94.2%
Expression: Draw a ____ in the sandLINE
94.2%
Hint 4-Letter Word % Correct
Pleasing and agreeableNICE
93.6%
Star of the 1992 movie: ____ Nolte● NICK ●
93.5%
Go in frontLEAD
86.4%
Provide temporarilyLEND
85.2%
Shakespearean kingLEAR
85.1%
The Swedish Nightingale: Jenny ____LIND
81.9%
River in North Carolina
or a 1962 and 1992 movie: ____ + [last rung]
● CAPE ●
50.9%
River in North Carolina
or a 1962 and 1992 movie: [first rung] + ____
● FEAR ●
50.3%

Today's Daily Dose

Remove Ads.
Support Sporcle.
Get the best of Sporcle when you Go Orange. This ad-free experience offers more features, more stats, and more fun while also helping to support Sporcle. Thank you for becoming a member.

You're not logged in!

Compare scores with friends on all Sporcle quizzes.
OR
Log In

Show Comments

Extras

Top Quizzes Today


Score Distribution

Your Account Isn't Verified!

In order to create a playlist on Sporcle, you need to verify the email address you used during registration. Go to your Sporcle Settings to finish the process.

Report this User

Report this user for behavior that violates our Community Guidelines.

Details: